Statistics for Random Persian Words

Click here to take the quiz!

General Stats

  • This quiz has been taken 275 times
  • The average score is 17 of 24

Answer Stats

PersianEnglish% Correct
ShāhKing
94%
FārsiPersian
94%
PanjFive
85%
BāzārMarketplace
85%
KhūbGood
81%
KhodāhāfezGoodbye
81%
ĀbWater
79%
KhāviārCaviar
76%
ShirLion or Milk
74%
BaleYes
74%
DūstFriend
73%
ShahrCity
71%
ShirinSweet
69%
ĀbiBlue
68%
KārevānCaravan
67%
PesarBoy
66%
PūlMoney
66%
GhahveCoffee
65%
FardāTomorrow
65%
DarDoor
62%
MeymūnMonkey
62%
ShālScarf
60%
EsfenājSpinach
52%
TājCrown
51%

Score Distribution

Percentile by Number Answered

Percent of People with Each Score

Your Score History

You have not taken this quiz